Statistiques concernant Petit Bac #85 - Films DreamWorks

Cliquez ici pour prendre le quiz!

Statistiques générales

  • Ce quiz a été pris 1 350 fois
  • Le résultat moyen est 5 sur 15

Statistiques - réponses

1ère LettreFilm% Correct
SShrek / Shrek 2 / Shrek le Troisième / Shrek 4 - Il était une Fin / Souris City / Sinbad, la Légende des Sept Mers / Spirit, l'Étalon des Plaines
96%
MM. Peabody et Sherman - Les Voyages dans le Temps / Madagascar / Madagascar 2 / Madagascar 3 - Bons Baisers d'Europe / Megamind / Monstres contre Aliens
59%
LLes Croods / Les Croods 2 / Les Trolls / Les Trolls 2 - Tournée Mondiale / Les Pingouins de Madagascar / Les Cinq Légendes / Le Chat Potté / La Route d'Eldorado / Le Prince d'Égypte
53%
DDragons / Dragons 2 / Dragons 3 - Le Monde caché
43%
KKung Fu Panda / Kung Fu Panda 2 / Kung Fu Panda 3
43%
BBaby Boss / Bee Movie - Drôle d'Abeille
30%
FFourmiz
29%
GGang de Requins
24%
NNos Voisins, les Hommes
21%
CCapitaine Superslip / Chicken Run
19%
TTurbo
18%
EEn Route!
17%
WWallace et Gromit - Le Mystère du Lapin-Garou
16%
AAbominable
12%
JJoseph, le Roi des Rêves
7%

Distribution des résultats

Percentile par nombre de réponses

% des personnes avec chaque résultat

Votre développement - résultats

Vous n’avez pas pris ce quiz